00496nam a2200193Ia 4500008004100000020001800041050001400059100002000073245002200093245003100115245005600146260001500202260001600217260000900233300001500242300002700257300001000284500000800294170918s9999 xx 000 0 und d a9780545133753 bP356 2007 aPeacock, Louise aAt Ellis island : ba history in many voices / cLouise Peacock ; illustrated by Walter Lyon Krudop. aNew York : bScholastic, c2007 a44 pages : bcolored illustration ; c26cm. a630